000 00735nam a2200229 a 4500
001 54147
003 BD-RjUL
005 20211209080058.0
008 161102s2004 bg ||||| |||| 00| 0 ben d
020 _c: TK 60.00
035 _a(BD-RjUL)54269
040 _aBD-RjUL
_bben
_cBD-RjUL
041 _aben
082 _223
_a 891.441
_bALN 2005
100 _aআলম, শওকত
_9161647
245 1 0 _aনিঝুম রাতে চাঁদের দেশে /
_cশওকত আলম
260 _aঢাকা :
_bলাকী আলম,
_c২০০৫
300 _a৪৮ পৃ. ;
_c২১ সেমি.
650 _aবাংলা কবিতা
_9161648
650 _aBengali Poetry
_9161649
942 _2ddc
_cBK
999 _c54147
_d54147